Statystyki dla Kraje z najmniejszymi ludźmi według przeciętnego wzrostu

Kliknij tutaj aby rozwiązać quiz!

Ogólne statystyki

  • Ten quiz został rozwiązany 63 razy
  • Średni wynik to 5 z 10

Statystyki odpowiedzi

średnia wzrostukraj% Poprawnych
157.98 cmIndonezja
75%
162.10 cmWietnam
70%
162.51 cmKambodża
60%
161.79 cmFilipiny
55%
162.99 cmNepal
55%
163.60 cmSri Lanka
43%
164 cmPeru
40%
159.76 cmBoliwia
34%
163.49 cmEkwador
30%
163.80 cmNigeria
21%

Rozkład punktacji

Percentyl według liczby udzielonych odpowiedzi

Procent ludzi z każdym wynikiem

Twoja historia wyników

Nie rozwiązałeś tego quizu